| 000 | 00760nam0a22002531 4500 | ||
|---|---|---|---|
| 001 | rc\714900 | ||
| 005 | 20250621223804.0 | ||
| 010 |
_a5-251-00425-7 _920000 |
||
| 035 | _a(NLR Aleph) 005958440 | ||
| 090 |
_a6827842 _c6827842 |
||
| 100 | _a20031121d1997 |||y0rusy50 ca | ||
| 101 | 0 | _arus | |
| 102 | _aRU | ||
| 105 | _aa ||||||||| | ||
| 200 | 1 |
_aВихри Валгаллы _fВасилий Звягинцев _g[Худож. С.В. Цылов] |
|
| 210 |
_aМ. _cЭКСМО _d1997 |
||
| 215 |
_a535 с. _cил. _d21 |
||
| 225 | 1 | _aАбсолютное оружие | |
| 700 | 1 |
_aЗвягинцев _bВ.Д. _gВасилий Дмитриевич |
|
| 801 | 0 |
_aRU _bNLR _gpsbo |
|
| 801 | 1 |
_aRU _bELAR _2rusmarc |
|
| 852 |
_aNLR _j97-3/8649 |
||
| 942 | _cBOOK | ||
| 980 | _aNB | ||